000 00660nam a2200241Ia 4500
003 OSt
005 20220928123915.0
006 a|||||r|||| 00| 0
007 ta
008 220927b |||||||| |||| 00| 0 eng d
024 _a27760
037 _cTextual
040 _aSDCL
_cSDCL
_beng
041 _2eng
_aeng
082 _aX:(B), P8
100 _aGreenberg Edward
_9462094
245 0 _aIntroduction to Beyesian econometrics
260 _aCambridge
_bCambridge University Press
_c2008
300 _axv,205p
_ccm.
650 _aEconometrics Methods
_9451382
942 _hX:(B), P8
_cTEXL
_2CC
999 _c775107
_d775107